000 01007nam a2200301Ia 4500
003 OSt
005 20221007124547.0
006 a|||||r|||| 00| 0
007 ta
008 221006b |||||||| |||| 00| 0 eng d
020 _a9783527330096 (pbk)
024 _a192410
037 _b285, 06/02/2015, Vardhman Books
_cTextual
040 _aCDL
_cCDL
_beng
041 _2eng
_aeng
082 _aE:831, Q4;1 Carc
100 _aBenz Klaus-Werner
_9719608
245 0 _aIntroduction to crystal growth and characterization
_b Neumann Wolfgang
260 _aGermany
_bWiley-VCH
_c2014
300 _axiv, 424p. ill
_ccm.
500 _aIndex 415-424p.
650 _a Characterization of cryctals
_9719609
650 _a Crystalline materials
_9719610
650 _aGrowth techniques
_9719611
700 _a Neumann Wolfgang
_9719612
942 _hE:831, Q4;1 Carc
_cTEXL
_2CC
999 _c1213731
_d1213731